00755nam a2200193 a 4500003000200000005001700002008004100019050003300060100003200093245012100125260009300246300004100339504004100380650005000421650002100471650002500492650002100517650002300538020250221100143.0111114s19uu xx 00 eng d aPGS SB 113.2.E34b.T673 2011 aTopacio III, Jose Arturo A. aThe effect of eggshell and milk on the growth of tomato plants (Solanum lycopersicum) /cJose Arturo A. Topacio III. aLas Piñas City, Philippines : bSouthville International School and Colleges, c2011. a18 pages :billustrations ; c28 cm. aIncludes bibliographical references. aTomato plants (Solanum lycopersicum)vGrowth. aSoil amendments. aOrganic fertilizers. aPlant nutrition. aCalcium in plants.